| 000 | 00000nam 2200000za 4500 |
| 001 | 9.645317 |
| 003 | CaOODSP |
| 005 | 20220125145841 |
| 007 | ta |
| 008 | 150407s1994||||xxc||||| f|0| 0 eng d |
| 020 | |a2-920718-55-X |
| 040 | |aCaOODSP|beng |
| 043 | |an-cn--- |
| 086 | 1 |aD61-3/1993E |
| 110 | 1 |aCanada. |bDepartment of National Defence. |
| 245 | 10|aNormandy 1944 : |bthe Canadian summer / |cby Bill McAndrew, Donald E. Graves, Michael Whitby. |
| 260 | |aOttawa - Ontario : |bNational Defence |c1994. |
| 300 | |a162p. : |bcoloured illus., illus., maps ; |c31 cm. |
| 500 | |aPublished by Éditions Art Global Inc. in cooperation with the Department of National Defence and under license from Canada Communication Group -- Publishing. Contents: Preface.--Preparing for Overlord, 1939-1944.--D-Day.--Young men in combat.--June: stalemate.--June to August: the Canadian war at sea.--July: Verrières Ridge.--August: Operation Totalize.--August: the end in Normandy.--Epilogue.--Select bibliography. |
| 504 | |aBibliography. |
| 520 | 3 |aThis book commemorates the fiftieth anniversary of Canadian participation in Operation Overlord, the Allied assault on occupied France. This operation was one of the greatest Allied achievements of the Second World War. Canadians were involved in almost every aspect of this massive undertaking and played a significant part in its success. |
| 563 | |aClothbound |
| 590 | |a94-22|b1994-06-03 |
| 690 | 07|aMilitary history|2gcpds |
| 690 | 07|aWorld war, 1939-1945|2gcpds |
| 720 | 1 |aMcAndrew, Bill |
| 720 | 1 |aGraves, Donald E. |
| 775 | 08|tNormandie 1944 : |w(CaOODSP)9.679064 |
| 776 | 0#|tNormandy 1944 : |w(CaOODSP)9.889135 |